| 000 | 00913cam a2200253 4500 | ||
|---|---|---|---|
| 001 | ABS62786 | ||
| 008 | 000000n2000 000 0 eng u | ||
| 035 | _a(Sirsi) u107992 | ||
| 100 | _aProverbs, D | ||
| 245 | 2 | _aA theoretical model for optimum project (time) performance based on European best practice | |
| 260 | _c2000 | ||
| 490 |
_aConstruction Management and Economics _v(17) September 2000, 657-665(9) |
||
| 520 | _aReports on the results of extensive research into European construction contractor performance. Presents a model for achieving optimum project time performance based on best practice in France, Germany and the UK. References. | ||
| 590 | _aABS | ||
| 650 | _aPROJECT PERFORMANCE | ||
| 650 | _aCONTRACTORS | ||
| 650 | _aBEST PRACTICE | ||
| 650 | _aEUROPE | ||
| 650 | _aGERMANY | ||
| 650 | _aFRANCE | ||
| 690 |
_aProject management _96261 |
||
| 700 | _aHolt, G | ||
| 942 | _n0 | ||
| 999 |
_c64514 _d64514 |
||